LEADER 02060oam 2200505M 450 001 9910716329303321 005 20200213070621.8 035 $a(CKB)5470000002520845 035 $a(OCoLC)1065990016 035 $a(OCoLC)995470000002520845 035 $a(EXLCZ)995470000002520845 100 $a20071213d1926 ua 0 101 0 $aeng 135 $aurcn||||||||| 181 $ctxt$2rdacontent 182 $cc$2rdamedia 183 $acr$2rdacarrier 200 10$aPermitting Leo Sheep Co., of Rawlins, Wyo., to convey certain lands to the United States and to select other lands in lieu thereof. March 3, 1926. -- Committed to the Committee of the Whole House on the State of the Union and ordered to be printed 210 1$a[Washington, D.C.] :$c[U.S. Government Printing Office],$d1926. 215 $a1 online resource (3 pages) 225 1 $aHouse report / 69th Congress, 1st session. House ;$vno. 437 225 1 $a[United States congressional serial set ] ;$v[serial no. 8532] 300 $aBatch processed record: Metadata reviewed, not verified. Some fields updated by batch processes. 300 $aFDLP item number not assigned. 606 $aForest reserves 606 $aLand titles 606 $aLand titles$xRegistration and transfer 606 $aRanches 606 $aRanching 608 $aLegislative materials.$2lcgft 615 0$aForest reserves. 615 0$aLand titles. 615 0$aLand titles$xRegistration and transfer. 615 0$aRanches. 615 0$aRanching. 701 $aWinter$b Charles E$g(Charles Edwin),$f1870-1948$pRepublican (WY)$01387987 801 0$bWYU 801 1$bWYU 801 2$bOCLCO 801 2$bOCLCQ 801 2$bOCLCO 906 $aBOOK 912 $a9910716329303321 996 $aPermitting Leo Sheep Co., of Rawlins, Wyo., to convey certain lands to the United States and to select other lands in lieu thereof. March 3, 1926. -- Committed to the Committee of the Whole House on the State of the Union and ordered to be printed$93549804 997 $aUNINA LEADER 03842nam 22005895 450 001 9910392719703321 005 20251204104200.0 010 $a3-030-30607-0 024 7 $a10.1007/978-3-030-30607-6 035 $a(CKB)4100000009678373 035 $a(MiAaPQ)EBC5971206 035 $a(DE-He213)978-3-030-30607-6 035 $a(PPN)258876409 035 $a(MiAaPQ)EBC5969354 035 $a(EXLCZ)994100000009678373 100 $a20191029d2019 u| 0 101 0 $aeng 135 $aurcnu|||||||| 181 $ctxt$2rdacontent 182 $cc$2rdamedia 183 $acr$2rdacarrier 200 10$aPower Prediction Modeling of Conventional High-Speed Craft /$fby Dejan Radoj?i?, Milan Kalajd?i?, Aleksandar Simi? 205 $a1st ed. 2019. 210 1$aCham :$cSpringer International Publishing :$cImprint: Springer,$d2019. 215 $a1 online resource (267 pages) 311 08$a3-030-30606-2 320 $aIncludes bibliographical references. 327 $aIntroduction -- Mathematical Modeling -- Resistance and Dynamic Trim Modeling -- Propeller?s Open-Water Efficiency Modeling -- Additional Resistance Components and Propulsive Coefficients -- Power Modeling -- Concluding Remarks -- Resistance and Dynamic Trim Predictions -- Propeller?s Open-Water Efficiency Prediction -- Power Prediction. 330 $aThe proposed book addresses various power prediction methods, a principal design objective for high-speed craft of displacement, semi-displacement, and planing type. At the core of the power prediction methods are mathematical models based on experimental data derived from various high-speed hull and propeller series. Regression analysis and Artificial Neural Network (ANN) methods are used as extraction tools for this kind of models. The most significant factors for in-service power prediction are bare hull resistance, dynamic trim, and the propeller?s open-water efficiency. Therefore, mathematical modeling of these factors is a specific focus of the book. Furthermore, the book includes a summary of most of the power-prediction-relevant literature published in the last 50 years, and as such is intended as a reference overview of the best high-speed craft modeling practices. Once these mathematical models have been developed and validated, they can be readily programmed into software tools, thereby enabling the parametric analyses required for the optimization of a high-speed craft design. The proposed book is intended primarily for naval architects who design and develop various types of high-speed vessels (yachts, boats etc.), as well as for students who are interested in the design of fast vessels. The book includes useful Excel Macro Codes for the outlined mathematical models. Moreover, software for all considered models is provided. 606 $aMathematical models 606 $aMechanical engineering 606 $aComputational intelligence 606 $aMathematical Modeling and Industrial Mathematics 606 $aMechanical Engineering 606 $aComputational Intelligence 615 0$aMathematical models. 615 0$aMechanical engineering. 615 0$aComputational intelligence. 615 14$aMathematical Modeling and Industrial Mathematics. 615 24$aMechanical Engineering. 615 24$aComputational Intelligence. 676 $a620.00151 700 $aRadoj?i?$b Dejan$4aut$4http://id.loc.gov/vocabulary/relators/aut$0781691 702 $aKalajd?i?$b Milan$4aut$4http://id.loc.gov/vocabulary/relators/aut 702 $aSimi?$b Aleksandar$4aut$4http://id.loc.gov/vocabulary/relators/aut 801 0$bMiAaPQ 801 1$bMiAaPQ 801 2$bMiAaPQ 906 $aBOOK 912 $a9910392719703321 996 $aPower Prediction Modeling of Conventional High-Speed Craft$92499542 997 $aUNINA